000 00390nam a2200169 i 4500
001 bg
100 1 _aSIMONS, J. P.
245 0 _aFotochemia i spektroskopia /
_cJ.P. Simons.
260 _aWarszawa :
_bPWN,
_c1976.
650 9 _aFotochemia
650 9 _aSpektroskopia
040 _cBPK
041 _apol
080 _a543.4
942 _cKS
008 s pl f |000 0 pol
999 _c17089
_d17089
856 _uhttp://koha.tu.koszalin.pl/cgi-bin/koha/opac-detail.pl?biblionumber=17089
_yKatalog online BPK